000 00284nam a22001097a 4500
008 230704b xxu||||| |||| 00| 0 eng d
082 _a362.7
_bUNI 2003
245 _aThe Millenium Development Goals
_bThey are About Children
260 _bUNICEF
_c2003
300 _a25p
942 _2ddc
_cBK
999 _c3849
_d3849